Animal fact files

Bibliographic Details
Main Author: Beer Amy-Jane
Format: Book
Published: New Delhi : Greenwich editions publication , 2008
Subjects:

MARC

LEADER 00000cam a2200000 7i4500
001 0000038170
005 20131030.0
008 131030
020 |a 0862887844 
090 0 0 |a 599.673   |b BEE 
100 1 |a Beer Amy-Jane 
245 1 0 |a Animal fact files   |c Amy-Jane Beer 
260 |a New Delhi :   |b Greenwich editions publication ,   |c 2008 
650 0 |a Animal fact files... 
650 0 |a Mammals... 
999 |a 0001017306   |b Book   |c Adult Collection   |e Perbadanan Perpustakaan Awam Johor